HOUDI - Carrière - Statistiques

Statistiques générales
  • Ce quiz a été pris 49 fois
    19 depuis la dernière actualisation
  • Le résultat moyen est 53 sur 126
Statistiques - réponses
Hint Réponse % Correct
6 MONACO
100%
1 SENSATION
100%
8 SORCIÈRE
100%
5 CIEL
92%
2024 La folie (feat. Sasso)
83%
4 MODE HARDCORE (feat. Ziak)
83%
3 TRANQUILLEMENT
83%
4 AILLEURS
75%
3 BONBONNE
75%
3 FLEUR
75%
3 HNINA (feat. Ghost Killer Track)
75%
5 LA BÊTE (interlude)
75%
13 LAISSE MOI
75%
2 MÉDICALE
75%
8 NUAGES (feat. winnterzuko)
75%
7 OP
75%
3 PEINE
75%
3 SUNSEX
75%
4 WOKA
75%
9 BABYLONE
67%
5 GRANDES AFFAIRES
67%
1 GRHÜNT #77
67%
1 HLM PARASOL
67%
5 HOOD
67%
1 LA FOLIE DES GRANDEURS
67%
1 PAPILLON
67%
9 PETITE SOEUR
67%
2025 RIBÉRY
67%
5 SCOOTER
67%
1 SCORE
67%
7 SUN7
67%
2 100 (feat. Guy2Bezbar)
58%
4 AVANT TOI
58%
7 BARA
58%
10 DALIDA (feat. So La Lune)
58%
9 HOUTRO
58%
8 LE TOUR DE LA PLANÈTE
58%
6 RAP CONSCIENT
58%
6 RÉPÉTER
58%
7 TÉLÉPHONE
58%
4 TOTALLY SPIES
58%
1 TROUBLE FÊTE
58%
3 20 (feat. 34 murphy)
50%
11 BANLIEUE DE PARIS
50%
11 BELLE CHANSON
50%
12 BONUS INQUIÉTANT
50%
7 BRUME
50%
2023 CALMITO
50%
2 CANDIDAT
50%
2 CONTRE LA GALERE
50%
6 DÉRAPAGES (feat. Lesram)
50%
2025 INTÉRIEUR
50%
1 INTRO
50%
12 JE T'AIME
50%
8 LE DERNIER RAYON DE SOLEIL
50%
3 M'EFFACER
50%
5 PAS DE PROBLÈME (feat. Bekar)
50%
8 PEINTURE
50%
5 UNE PLAQUETTE A MARBELLA
50%
3 AVEC OU SANS TOI
42%
2022 CALMADA
42%
2022 CALMÉ
42%
4 CALMOS
42%
3 CHERRY
42%
2022 CHOUCHOU DES MADAMES
42%
6 DIAMOND
42%
2 EKKO
42%
2025 LÉLÉA (feat. Karmen)
42%
2024 On décolle (feat. DEELEE S)
42%
2 PILE OU FACE
42%
7 PLATA
42%
7 SOUS LE MANTEAU
42%
9 TU VERRAS
42%
4 77ÈME ÉTAGE
33%
10 À PERTE (feat. Dosseh)
33%
4 B&B
33%
4 CALCULS
33%
8 LA SEULE JOIE
33%
4 LES HEURES
33%
2023 Lumière noire (feat. Georgio)
33%
5 MILLION
33%
2023 Pas les mots (feat. Favé) [Raplume]
33%
8 AQUA
25%
2 BLEU
25%
2024 Cagoule (feat. Kerchak)
25%
2025 En pétard [77 degrés]
25%
1 ENSEMBLE
25%
2022 FPH #3
25%
2 MUSIQUE GROSSE QUANTITÉ
25%
2 PAS NORMAL
25%
6 RAPPEL
25%
6 TRABAJAW
25%
9 AUTRE PART
17%
8 BONUS EFFRAYANT
17%
2023 Boulot (feat. KronoMuzik, Maxime Biaggi & web7)
17%
2022 CAUCHEMAR 3
17%
2022 DANS ÇA
17%
2022 FPH #1
17%
2022 FPH #2
17%
2024 LE TEMPS (feat. Skary & Wysko)
17%
2024 Négocie pas (feat. Sto)
17%
2024 Nuketown [Le Règlement]
17%
2 RIP
17%
1 TÉNÉBREUX
17%
2025 Wadup!? (feat. Caballero & JeanJass)
17%
2022 CORRECTION
8%
2022 ENCHANTÉ
8%
2023 EN DIDI (Freestyle) [Raplume]
8%
2022 FPH #0
8%
2023 GRV PAS LE TEMPS (feat. LETS GO & PUSH & GIO)
8%
7 JEUNE MATRIXÉ
8%
2023 LE 12 ÈME
8%
6 LE TEMPS
8%
2023 Magicien d'Oz (feat. Pico)
8%
2022 MAUVAIS RÊVE
8%
2023 PAS LA PEINE (feat. La Financière & Sobek)
8%
2022 RÜDIGER
8%
2023 Sophie Tel (feat. $ije & Sobek)
8%
2023 TOMBÉ DU CIEL (Giovanni x PushK x HOUDI) - COOTB vol.2 (feat. Label Blue Sky)
8%
2023 TP (feat. BENNY)
8%
2023 7734 (34murphy & Sobek)
0%
2023 CRACK [La Pépite]
0%
2022 DISPARAÎTRE
0%
2022 JOUEURS DE SEXE (feat. STONY STONE)
0%
2022 NEW JERSEY
0%
2022 SOCIOPHATE
0%
Aucun quiz correspondant
Distribution des résultats
% des personnes avec chaque résultat
Percentile par nombre de réponses
Votre historique - résultats
Vous n’avez pas pris ce quiz depuis la dernière actualisation